Plan de formación permanente del personal docente, directivo y de otros agentes educadores en el servicio educativo de Santa fe de Bogotá. 1999- 2000

Gorde:
Xehetasun bibliografikoak
Erakunde egilea: Alcaldía Mayor de Bogotá: Secretaria de Educación
Formatua: Liburua
Hizkuntza:Spanish
Argitaratua: Bogotá, Secretaria de Educación de Bogotá 2000
Gaiak:
Sarrera elektronikoa:Enlace del recurso
Etiketak: Etiketa erantsi
Etiketarik gabe, Izan zaitez lehena erregistro honi etiketa jartzen!

MARC

LEADER 00000nam a22000007a 4500
003 OSt
005 20171113062555.0
008 170920b2000 ck ||||| |||| 00| 0 spa d
040 |c CNA-IDEP 
082 |a 371.422  |b P699 
110 1 |9 273  |a Alcaldía Mayor de Bogotá:  |b Secretaria de Educación 
245 1 0 |a Plan de formación permanente del personal docente, directivo y de otros agentes educadores en el servicio educativo de Santa fe de Bogotá.  |b 1999- 2000 
260 |a Bogotá,  |b Secretaria de Educación de Bogotá  |c 2000 
300 |a 46 p.: 
650 0 |9 1712  |a Formación de docentes. 
650 0 |9 4433  |a Docente - Formación Profesional 
942 |2 ddc  |c BK 
999 |c 5577  |d 5577 
856 |u https://catalogo.idep.edu.co/cgi-bin/koha/opac-detail.pl?biblionumber=5577  |z Enlace del recurso